| 000 | 00381nam a2200145Ia 4500 | ||
|---|---|---|---|
| 008 | 240729s9999 xx 000 0 und d | ||
| 022 | _a1549-1676 | ||
| 245 | 0 | _aPLoS Medicine | |
| 260 | _aUnited States | ||
| 260 | _bPublic Library of Science (PLoS) | ||
| 650 | _aMedicine | ||
| 856 | _uhttps://doaj.org/toc/54c0c56737e24f7e8f384a6bd9742904 | ||
| 942 | _2ddc | ||
| 942 | _cDOAJEJ | ||
| 999 |
_c67457 _d67457 |
||
| 945 |
_a1 _bMadushi Gamage _c1 _dMadushi Gamage |
||